The pendulum swings. (Record no. 14111)

000 -LEADER
fixed length control field 01014nam a2200241 a 4500
001 - CONTROL NUMBER
control field :::00011935$&:&@@
003 - CONTROL NUMBER IDENTIFIER
control field OkBaRHE
005 - DATE AND TIME OF LATEST TRANSACTION
control field 20000607103414.0
008 - FIXED-LENGTH DATA ELEMENTS--GENERAL INFORMATION
fixed length control field j 000 0 eng u
040 ## - CATALOGING SOURCE
Transcribing agency
100 1# - MAIN ENTRY--PERSONAL NAME
Personal name Buess, Bob.
245 14 - TITLE STATEMENT
Title The pendulum swings.
260 ## - PUBLICATION, DISTRIBUTION, ETC. (IMPRINT)
Place of publication, distribution, etc Van, TX., :
Name of publisher, distributor, etc Bob Buess
Date of publication, distribution, etc nd
300 ## - PHYSICAL DESCRIPTION
Extent 124 p.
650 ## - SUBJECT ADDED ENTRY--TOPICAL TERM
Topical term or geographic name as entry element Pentecostalism
General subdivision Current Issues
942 ## - ADDED ENTRY ELEMENTS (KOHA)
Source of classification or shelving scheme
Koha item type Books
Copies
Shelving location Damaged status Copy number Full call number Price effective from Source of classification or shelving scheme Permanent Location Lost status Barcode Date last seen Not for loan Withdrawn status Date acquired Koha item type
General Stacks 1BX 8762 .B82010-04-14 RHEMA Bible Training College 119352010-04-14  2010-04-14Books
General Stacks 2BX 8762 .B82010-04-14 RHEMA Bible Training College 165652010-04-14  2010-04-14Books
General Stacks 3BX 8762 .B82010-04-14 RHEMA Bible Training College 167382010-04-14  2010-04-14Books
General Stacks 4BX 8762 .B82010-04-14 RHEMA Bible Training College 167392010-04-14  2010-04-14Books
General Stacks 5BX 8762 .B82010-04-14 RHEMA Bible Training College 167402010-04-14  2010-04-14Books
General Stacks 6BX 8762 .B82010-04-14 RHEMA Bible Training College 167412010-04-14  2010-04-14Books